| 000 | 00539ntaaa2200205 4500 | ||
|---|---|---|---|
| 003 | 01 | ||
| 005 | 20251027202430.0 | ||
| 008 | 0714s1973 ag 01 | ||
| 040 |
_aAR-BaBN _bspa _cAR-BaBN _eaacr _dRIC |
||
| 082 | _a261.7100 B39 | ||
| 100 |
_aBedrossian, Roberto _923166 |
||
| 245 | _aMarxismo y salvación | ||
| 250 | _a1 ed. | ||
| 260 |
_aBuenos Aires : _bJunta Bautista de Publicaciones, _c1973 |
||
| 300 | _a104 p. | ||
| 500 | _adoctrina marxista de la salvación | ||
| 650 | _aSalvación | ||
| 650 |
_aComunismo _92897 |
||
| 942 | _cBK | ||
| 999 |
_c19245 _d19245 |
||